Catálogo Biblioteca Central

Iniciación al Islam (Registro nro. 201702)

Detalles MARC
000 -CABECERA
campo de control de longitud fija 01678nam a22002537i 4500
001 - NÚMERO DE CONTROL
campo de control 201702
003 - IDENTIFICADOR DEL NÚMERO DE CONTROL
campo de control ES-MaBCM
005 - FECHA Y HORA DE LA ÚLTIMA TRANSACCIÓN
campo de control 20230914062953.0
008 - CÓDIGOS DE INFORMACIÓN DE LONGITUD FIJA
campo de control de longitud fija 160404t2006 sp||||| |||| 00| 0 spa d
017 ## - NÚMERO DE COPYRIGHT O DE DEPÓSITO LEGAL
Depósito legal NA.1859-2006
020 ## - NÚMERO INTERNACIONAL NORMALIZADO PARA LIBROS(ISBN)
Número Internacional Normalizado para Libros (ISBN) 978-84-932513-6-9
021 ## -
-- xx
035 ## - NÚMERO DE CONTROL DEL SISTEMA
Número de control de sistema (OCoLC)433652938
040 ## - FUENTE DE LA CATALOGACIÓN
Centro transcriptor ES-MaBCM
100 1# - PUNTO DE ACCESO PRINCIPAL - NOMBRE DE PERSONA
9 (RLIN) 119913
Nombre de persona Cabrera, Hashim
Fechas asociadas al nombre 1954-
245 10 - MENCIÓN DE TÍTULO
Título Iniciación al Islam
Resto del título : un ensayo sobre el sometimiento a la realidad y algunas reflexiones sobre el Islam y la contemporaneidad
Mención de responsabilidad etc. Hashim Cabrera
260 ## - PUBLICACIÓN, DISTRIBUCIÓN, ETC. (PIE DE IMPRENTA)
Lugar de publicación distribución etc. Almodóvar del Río, Córdoba :
Nombre del editor distribuidor etc. Junta Islámica, Centro de Documentación y Publicaciones Islámicas,
Fecha de publicación distribución etc. 2006
300 ## - DESCRIPCIÓN FÍSICA
Extensión XII, 196 p. ;
Dimensiones 19 cm
490 0# - MENCIÓN DE SERIE
Mención de serie Colección Shahada
520 ## - SUMARIO, ETC.
Sumario etc. El Islam no es una cultura ni una religión-en el sentido habitual que suele darse a esta palabra en las sociedades y culturas occidentales, de raíces judeocristianas-sino una forma de ser y de vivir. La palabra "religión" tiene la connotación cultural latina de "religare", que resalta sobre todo el vínculo entre personas de un rebaño o comunidad, que se "religan" por medio de los ritos. Por el contrario, el islam se define a si mismo como "din", como forma de vida, como sistema de relación entre el ser y la realidad, y no solo como vínculo entre los seres, aunque este vínculo, por supuesto, existe. En el "din" del islam hay principios y formas, pero no dogmas ni misterios. No hay sacerdotes ni iglesia, ni hay sacramentos ni liturgia en un sentido representacional: es más bien una manera de vivir y concebir la existencia.
650 27 - PUNTO DE ACCESO ADICIONAL DE MATERIA--TÉRMINO DE MATERIA
Término de materia o nombre geográfico como elemento inicial Religión
9 (RLIN) 60087
650 27 - PUNTO DE ACCESO ADICIONAL DE MATERIA--TÉRMINO DE MATERIA
Término de materia o nombre geográfico como elemento inicial Islamismo
9 (RLIN) 59089
942 ## - ELEMENTOS DE PUNTO DE ACCESO ADICIONAL (KOHA)
Fuente del sistema de clasificación o colocación Universal Decimal Classification
Tipo de ítem Koha Libros
Existencias
Estado de retiro Estado de pérdida Fuente del sistema de clasificación o colocación Estado dañado No para préstamo Localización permanente Ubicación/localización actual Ubicación en estantería Fecha de adquisición Fuente de adquisición Signatura topográfica completa Código de barras Fecha visto por última vez Precio válido a partir de Tipo de ítem Koha
    Universal Decimal Classification     Biblioteca Central del Ministerio de la Presidencia Biblioteca Central del Ministerio de la Presidencia Sala 04/04/2016 Donativo 58821 1070739 04/04/2016 04/04/2016 Libros